Loading...
| Fine Arts - Classical Music | 0 | 4 | 0 | 1 | 40 | 74 | 103.75 | 0 | 0 | 6.06 | 13.29 |
| History - American | 0 | 2 | 0 | 0 | 20 | 30 | 49.50 | 0 | 1 | 11.09 | 9.92 |
| History - World | 0 | 1 | 0 | 1 | 10 | 104 | 104.00 | 0 | 0 | 0.46 | 2.73 |
| Literature - World | 0 | 1 | 0 | 0 | 10 | 109 | 109.00 | 0 | 0 | 1.28 | 2.50 |
| Popular Culture | 0 | 1 | 0 | 0 | 10 | 75 | 75.00 | 0 | 0 | 5.89 | 5.56 |
| Religion | 0 | 1 | 0 | 1 | 10 | 114 | 114.00 | 0 | 0 | 0.00 | 1.67 |
| Social Science | 0 | 1 | 0 | 0 | 10 | 24 | 24.00 | 1 | 1 | 12.82 | 16.67 |
| Fine Arts - Other | 0 | 1 | 0 | 0 | 10 | 30 | 30.00 | 1 | 1 | 7.35 | 10.00 |
| Geography | 0 | 0 | 1 | 0 | -5 | 0.00 | 0 | 0 | 0.00 | 0.00 |